000
00296 a2200121 4500
001
153912
040
_c
Escola São Tomás de Aquino
240
1
0
_a
O flautista de Hamelin
_l
por
245
1
0
_a
O flautista de Hamelin
440
1
_a
Editora do Brasil
697
_a
*LITERATURA INFANTIL
942
_c
BK
999
_c
153912
_d
153912